Harry Potter Movie Picture Quiz - Characters #3 - Statistics

General Stats
  • This quiz has been taken 48 times
  • The average score is 14 of 16
Answer Stats
Picture Answer % Correct
Albus Dumbledore
100%
Hermione Granger
97%
Ginny Weasley
94%
Lucius Malfoy
91%
Petunia Dursley
91%
Ron Weasley
91%
Viktor Krum
91%
Dolores Umbridge
89%
Gilderoy Lockhart
89%
Molly Weasley
89%
Seamus Finnigan
86%
Sybill Trelawney
86%
Oliver Wood
83%
Vincent Crabbe
83%
Susan Bones
71%
James Potter
51%
No matching quizzes found
Score Distribution
Percent of People with Each Score
Percentile by Number Answered
Your Score History
You have not taken this quiz